Who Said This? (NCT VERSION) - Statistics

General Stats
  • This quiz has been taken 807 times
  • The average score is 9 of 15
Answer Stats
Question Answer % Correct
Which NCT member said, "Oh, you are Nana?" Lucas
90%
Which NCT member said, "Woah so SeXy" Jaemin
84%
Which NCT member said, "Oh Canada" Haechan
80%
Which NCT member said, "John's banana" Ten
77%
Which NCT member said, "That man is... my girl Johnny
70%
Which NCT member said, "I don't know anything can happen. " (he was talking with Ten about having a baby) Yangyang
68%
Which NCT member said, "Is this butt really ok?" Mark
67%
Which NCT member said, "Netflix and Chill" Jungwoo
65%
Which NCT member said, "be quiet don't cry..." Jaehyun
63%
Which NCT member said, "We are need COFFEE!" Yuta
60%
Which NCT member said, "a week EOPSEO" Chenle
55%
Which NCT member said, "You like snow... boy" Winwin
47%
Which NCT member said, "Sukka sukka" Doyoung
45%
Which NCT member said, "Should we reduce our members?" Doyoung
30%
Which NCT member said, "You have bad breath" Taeyong
7%
No matching quizzes found
Score Distribution
Percent of People with Each Score
Percentile by Number Answered
Your Score History
You have not taken this quiz